[Event "FIDE World Blitz 2014"]
[Site "Dubai UAE"]
[Date "2014.06.20"]
[Round "18.9"]
[White "Cheparinov, Ivan"]
[Black "Caruana, Fabiano"]
[Result "1-0"]
[WhiteTitle "GM"]
[BlackTitle "GM"]
[WhiteElo "2682"]
[BlackElo "2791"]
[WhiteFideId "2905540"]
[BlackFideId "2020009"]
[EventDate "2014.06.19"]

1. d4 d6 2. Nf3 Nf6 3. c4 g6 4. g3 Bg7 5. Bg2 O-O 6. O-O Bf5 7. Nc3 Ne4 8. Nd5
c6 9. Ne3 Bd7 10. b3 e5 11. Bb2 Re8 12. Qc2 f5 13. Rfd1 Qc7 14. c5 dxc5 15. dxe5
Be6 16. Nc4 Bd5 17. Nfd2 Nxd2 18. Rxd2 Na6 19. a3 Rad8 20. Rad1 Be6 21. Nd6 Rf8
22. f4 Qb6 23. Nc4 Qc7 24. Kh1 Qe7 25. Nd6 h6 26. e4 b6 27. exf5 gxf5 28. Bh3
Bd5+ 29. Rxd5 cxd5 30. Rxd5 Nc7 31. Rd2 Ne6 32. Bxf5 Nd4 33. Bxd4 Rxd6 34. exd6
Qe1+ 35. Bg1 Bd4 36. Rxd4 cxd4 37. Qe4 Qd1 38. Kg2 Rf6 39. d7 Rd6 40. Qe8+ Kg7
41. Qe7+ 1-0

[Event "FIDE World Blitz 2014"]
[Site "Dubai UAE"]
[Date "2014.06.20"]
[Round "18.10"]
[White "Eljanov, Pavel"]
[Black "Matlakov, Maxim"]
[Result "1/2-1/2"]
[WhiteTitle "GM"]
[BlackTitle "GM"]
[WhiteElo "2723"]
[BlackElo "2689"]
[WhiteFideId "14102951"]
[BlackFideId "4168003"]
[EventDate "2014.06.19"]

1. d4 d5 2. c4 c6 3. Nf3 Nf6 4. Qb3 dxc4 5. Qxc4 Bg4 6. Nbd2 Nbd7 7. g3 e6 8.
Bg2 Be7 9. O-O O-O 10. Qb3 Qb6 11. Nc4 Qa6 12. Bd2 Nb6 13. Rfc1 Nxc4 14. Rxc4
Qb6 15. Bb4 Nd5 16. Bxe7 Qxb3 17. axb3 Nxe7 18. e3 Bxf3 19. Bxf3 a6 20. h4 Nc8
21. h5 Nd6 22. Rc2 h6 23. g4 Rfe8 24. Rc5 Nb5 25. g5 hxg5 26. Rxg5 f6 27. Rg6
Kf7 28. Kf1 Rh8 29. Ke2 Rh6 30. Rg2 f5 31. Rag1 Rg8 32. Kd3 Nd6 33. Rg5 Rh7 34.
b4 Rd8 35. Kc2 Ne8 36. Be2 Nf6 37. Bf3 Rd7 38. Kb3 Nd5 39. Ka4 Nb6+ 40. Kb3 Nd5
41. Ra1 Nb6 42. Rag1 Nd5 43. Kc4 Nb6+ 44. Kb3 1/2-1/2

[Event "FIDE World Blitz 2014"]
[Site "Dubai UAE"]
[Date "2014.06.20"]
[Round "18.12"]
[White "Safarli, Eltaj"]
[Black "Nguyen, Ngoc Truong Son"]
[Result "1/2-1/2"]
[WhiteTitle "GM"]
[BlackTitle "GM"]
[WhiteElo "2649"]
[BlackElo "2621"]
[WhiteFideId "13402129"]
[BlackFideId "12401110"]
[EventDate "2014.06.19"]

1. e4 e6 2. d4 d5 3. Nd2 c5 4. Ngf3 cxd4 5. Nxd4 Nc6 6. Bb5 Bd7 7. Nxc6 Bxc6 8.
Bxc6+ bxc6 9. c4 Bc5 10. Qa4 Ne7 11. exd5 exd5 12. O-O O-O 13. Nb3 Bb6 14. cxd5
Nxd5 15. Qxc6 Rc8 16. Qb5 Rc2 17. Qd3 Nb4 18. Qxd8 Rxd8 19. Be3 Rxb2 20. Bxb6
axb6 21. Rad1 Rxd1 22. Rxd1 h6 23. g3 Nxa2 24. Rd8+ Kh7 25. Nd2 b5 26. Nf3 b4
27. Rb8 Nc3 28. Ne5 f6 29. Nc4 Rb1+ 30. Kg2 g5 31. Nd2 Rd1 32. Nc4 Nd5 33. Rb5
Rd4 34. Na5 g4 35. h3 f5 36. Nc6 Rd2 37. hxg4 fxg4 38. Nxb4 Ne3+ 39. Kg1 Rd1+
40. Kh2 Nc4 41. Rd5 Rxd5 42. Nxd5 h5 43. Kg2 Ne5 1/2-1/2

[Event "FIDE World Blitz 2014"]
[Site "Dubai UAE"]
[Date "2014.06.20"]
[Round "18.13"]
[White "Andriasian, Zaven"]
[Black "Bacrot, Etienne"]
[Result "1/2-1/2"]
[WhiteTitle "GM"]
[BlackTitle "GM"]
[WhiteElo "2611"]
[BlackElo "2720"]
[WhiteFideId "13302000"]
[BlackFideId "605506"]
[EventDate "2014.06.19"]

1. e4 e5 2. Nf3 Nc6 3. Bc4 Bc5 4. d3 Nf6 5. c3 O-O 6. O-O d5 7. exd5 Nxd5 8.
Nbd2 Nf6 9. Re1 Re8 10. Qe2 h6 11. Ne4 Nxe4 12. dxe4 Be6 13. b4 Bd6 14. Be3 Qf6
15. a4 Ne7 16. Bxe6 Qxe6 17. a5 a6 18. Rad1 Ng6 19. Nd2 Red8 20. g3 Be7 21. h4
Rd7 22. h5 Nf8 23. Nf3 Rad8 24. Kg2 Nh7 25. Rxd7 Rxd7 26. Rd1 Rxd1 27. Qxd1 Nf6
28. Nd2 Qc6 29. Qf3 Qxc3 30. Qf5 Qxb4 31. Qc8+ Bf8 32. Qxc7 Nxe4 33. Nf3 Qe7 34.
Qb8 Nf6 35. Nh4 Qd7 36. Qxe5 Qd5+ 37. Qxd5 Nxd5 38. Bd2 Bb4 39. Bxb4 Nxb4 40.
Nf5 Nc6 41. g4 Nxa5 42. f4 b5 43. Kf3 Nc4 44. Ke4 a5 45. Kd4 Nd2 46. Ke3 Nb3 47.
g5 hxg5 48. fxg5 a4 49. Ne7+ Kh8 50. Nd5 a3 51. Nb4 Na5 52. Kd3 Nc6 53. Na2 b4
54. Kc4 Kh7 55. Nc1 f6 56. gxf6 gxf6 57. Kc5 Ne5 58. Nb3 f5 59. Kxb4 f4 60. Kxa3
f3 61. Nd2 f2 62. Kb3 Kh6 63. Kc2 Nf3 64. Nf1 Kxh5 65. Kd3 Ng1 66. Ke3 Nh3 67.
Kf3 Kh4 68. Ne3 Kg5 69. Kg2 Kf4 70. Nd1 Kg4 71. Nxf2+ Nxf2 72. Kxf2 1/2-1/2

[Event "FIDE World Blitz 2014"]
[Site "Dubai UAE"]
[Date "2014.06.20"]
[Round "18.15"]
[White "Iturrizaga Bonelli, Eduardo"]
[Black "Meier, Georg"]
[Result "1-0"]
[WhiteTitle "GM"]
[BlackTitle "GM"]
[WhiteElo "2653"]
[BlackElo "2632"]
[WhiteFideId "3901211"]
[BlackFideId "4675789"]
[EventDate "2014.06.19"]

1. Nf3 d5 2. c4 d4 3. b4 f6 4. d3 e5 5. a3 a5 6. b5 c6 7. a4 Bb4+ 8. Nbd2 Nd7 9.
g3 Nc5 10. Bg2 Ne7 11. O-O O-O 12. Nb3 Nxb3 13. Qxb3 Be6 14. Ba3 c5 15. Bxb4
cxb4 16. Nd2 Qc7 17. Qb2 Rac8 18. Nb3 b6 19. Rac1 Nf5 20. Bc6 Qf7 21. Nd2 Ne7
22. Bg2 f5 23. Nf3 Qf6 24. e3 dxe3 25. Qxe5 exf2+ 26. Rxf2 Qxe5 27. Nxe5 Rfd8
28. Re1 Kf8 29. g4 g6 30. Rfe2 fxg4 31. Nc6 Nxc6 32. Rxe6 Nd4 33. Rxb6 Re8 34.
Rf1+ Kg7 35. Rd6 Ne2+ 36. Kf2 Nc3 37. Kg3 b3 38. Rd7+ Kh6 39. b6 b2 40. b7 Rc5
41. Re7 Rb8 42. Ree1 Rf5 43. Rxf5 gxf5 44. c5 Kg5 45. h4+ gxh3 46. Kxh3 Kf4 47.
c6 Rg8 48. Rf1+ Ke3 49. c7 1-0

[Event "FIDE World Blitz 2014"]
[Site "Dubai UAE"]
[Date "2014.06.20"]
[Round "18.16"]
[White "Karjakin, Sergey"]
[Black "Lu, Shanglei"]
[Result "0-1"]
[WhiteTitle "GM"]
[BlackTitle "GM"]
[WhiteElo "2771"]
[BlackElo "2546"]
[WhiteFideId "14109603"]
[BlackFideId "8603332"]
[EventDate "2014.06.19"]

1. Nf3 g6 2. g3 Bg7 3. Bg2 f5 4. d4 Nf6 5. O-O d6 6. c4 O-O 7. Nc3 c6 8. b3 e5
9. dxe5 dxe5 10. Ba3 Qxd1 11. Rfxd1 Re8 12. e4 Na6 13. Bd6 fxe4 14. Ng5 e3 15.
fxe3 Bh6 16. h4 Bf5 17. e4 Bg4 18. Rf1 Nh5 19. Kh2 Bxg5 20. hxg5 Rad8 21. c5 Ng7
22. Rf2 b6 23. Bf1 Nxc5 24. Bxc5 bxc5 25. Na4 Rd4 26. Rc1 Rxe4 27. Nxc5 Rd4 28.
Bc4+ Kh8 29. Re1 Bf5 30. Re3 h6 31. gxh6 Nh5 32. Bf7 Nf6 33. Bxe8 Ng4+ 34. Kg1
Nxe3 35. Re2 Rd1+ 36. Kf2 Ng4+ 37. Kg2 Kh7 38. Bxc6 Rc1 39. b4 a5 40. a3 Rc3 41.
Ba8 Kxh6 42. Kf1 Rxa3 43. b5 Rc3 44. Ne4 Rb3 45. Bc6 a4 46. Nc5 Rb1+ 47. Kg2 a3
48. Kf3 Rb2 49. Re1 a2 50. Ra1 Rf2# 0-1

[Event "FIDE World Blitz 2014"]
[Site "Dubai UAE"]
[Date "2014.06.20"]
[Round "18.17"]
[White "Svidler, Peter"]
[Black "Vitiugov, Nikita"]
[Result "1-0"]
[WhiteTitle "GM"]
[BlackTitle "GM"]
[WhiteElo "2753"]
[BlackElo "2742"]
[WhiteFideId "4102142"]
[BlackFideId "4152956"]
[EventDate "2014.06.19"]

1. g3 c5 2. Bg2 Nc6 3. f4 g6 4. Nf3 Bg7 5. e4 d6 6. d3 Nf6 7. O-O O-O 8. Qe1 Rb8
9. h3 b5 10. g4 c4 11. Be3 Nd7 12. d4 e5 13. dxe5 dxe5 14. f5 Nd4 15. Qf2 Nc5
16. Ne1 Rb6 17. b4 cxb3 18. axb3 Bb7 19. Nd2 Rd6 20. Rxa7 Qb8 21. Ra2 b4 22. Nd3
Nxd3 23. cxd3 Qd8 24. Nc4 Rc6 25. Bxd4 exd4 26. e5 Rc7 27. Bxb7 Rxb7 28. f6 Bh6
29. Qf3 Rb5 30. Rfa1 Rb8 31. Kg2 1-0

[Event "FIDE World Blitz 2014"]
[Site "Dubai UAE"]
[Date "2014.06.20"]
[Round "18.18"]
[White "Tomashevsky, Evgeny"]
[Black "Fedoseev, Vladimir3"]
[Result "1-0"]
[WhiteTitle "GM"]
[BlackTitle "GM"]
[WhiteElo "2695"]
[BlackElo "2662"]
[WhiteFideId "4147235"]
[BlackFideId "24130737"]
[EventDate "2014.06.19"]

1. Nf3 d5 2. d4 Nf6 3. c4 c6 4. Nc3 a6 5. e3 Bf5 6. Ne5 e6 7. g4 Bg6 8. h4 dxc4
9. h5 Bd3 10. Nxd3 cxd3 11. Bxd3 h6 12. Qf3 Nbd7 13. Bd2 Rc8 14. O-O-O b5 15.
Kb1 c5 16. Ne4 c4 17. Bc2 Nd5 18. Nc3 Nb4 19. Be4 Nf6 20. Bb7 Rc7 21. a3 Qb8 22.
Be4 Nxe4 23. Qxe4 Nd3 24. Be1 Be7 25. d5 Qb7 26. dxe6 fxe6 27. Qg6+ Kd7 28. Rh2
Bf6 29. f4 Kc8 30. Ne4 Rd8 31. Nxf6 gxf6 32. Ba5 Qf3 33. Rhd2 Qxe3 34. Bxc7 Kxc7
35. Qxf6 Rd5 36. Qe7+ Kb6 37. Ka1 b4 38. axb4 a5 39. b5 Kxb5 40. Qe8+ Kb6 41.
Qb8+ Kc6 42. Qc8+ Kb6 43. Qxc4 Ne5 44. fxe5 Rxd2 45. Qxe6+ Kc5 46. Qe7+ Kb5 47.
Qb7+ Kc5 48. Qa7+ 1-0

[Event "FIDE World Blitz 2014"]
[Site "Dubai UAE"]
[Date "2014.06.20"]
[Round "18.19"]
[White "Inarkiev, Ernesto"]
[Black "Najer, Evgeniy"]
[Result "1-0"]
[WhiteTitle "GM"]
[BlackTitle "GM"]
[WhiteElo "2682"]
[BlackElo "2653"]
[WhiteFideId "4162722"]
[BlackFideId "4118987"]
[EventDate "2014.06.19"]

1. Nf3 d5 2. g3 Bg4 3. Bg2 c6 4. O-O e6 5. c4 Nf6 6. d3 dxc4 7. dxc4 Nbd7 8. b3
Qa5 9. h3 Bxf3 10. exf3 Qe5 11. Qc2 Qxa1 12. Nc3 Bb4 13. Bb2 Qxf1+ 14. Bxf1 O-O
15. a3 Be7 16. f4 g6 17. g4 Rfd8 18. Ne2 Bf8 19. Ng3 Bg7 20. Bg2 Ne8 21. Bxg7
Kxg7 22. Qc3+ Kg8 23. Ne4 Nf8 24. h4 f5 25. gxf5 exf5 26. Nc5 Nd6 27. Qf6 Rac8
28. h5 gxh5 29. Bf3 b6 30. Nd3 c5 31. Ne5 Ne8 32. Qf7+ 1-0

[Event "FIDE World Blitz 2014"]
[Site "Dubai UAE"]
[Date "2014.06.20"]
[Round "18.20"]
[White "Maletin, Pavel"]
[Black "Sargissian, Gabriel"]
[Result "1/2-1/2"]
[WhiteTitle "GM"]
[BlackTitle "GM"]
[WhiteElo "2588"]
[BlackElo "2686"]
[WhiteFideId "4146786"]
[BlackFideId "13300881"]
[EventDate "2014.06.19"]

1. c4 e6 2. g3 d5 3. Bg2 Nf6 4. Nf3 Be7 5. O-O O-O 6. d4 c6 7. Qc2 b6 8. Rd1 Bb7
9. b3 a5 10. Nc3 Na6 11. a3 Rc8 12. e4 Re8 13. Ne5 Nd7 14. Bf4 Nxe5 15. Bxe5 Qd7
16. Qe2 Bf8 17. h4 Nb8 18. Qg4 Qd8 19. h5 h6 20. Bf4 Nd7 21. e5 Kh8 22. Qf3 Kg8
23. Qg4 Kh8 24. Qe2 Be7 25. cxd5 cxd5 26. Qd2 Bf8 27. Nb5 Kg8 28. Rdc1 Ba6 29.
Nd6 Bxd6 30. exd6 Nf6 31. Rc7 Rxc7 32. dxc7 Qd7 33. Bf3 Rc8 34. Rc1 Ne8 35. Qc3
Bb7 36. b4 a4 37. Be2 Nf6 38. g4 Ne4 39. Qc2 Nf6 40. b5 Ra8 41. f3 Ne8 42. Kg2
Nd6 43. Kg3 Nxb5 44. Qb2 Ba6 45. Bxb5 Bxb5 46. c8=Q+ Rxc8 47. Rxc8+ Qxc8 48.
Qxb5 Qc3 49. Qb4 Qxb4 50. axb4 b5 51. Bc1 f6 52. f4 Kf7 53. g5 f5 54. Ba3 Ke8
55. Kh4 Kf7 56. Kg3 Ke8 57. Bc1 Kf7 58. Kf3 Ke8 59. Ba3 Kf7 60. Bc1 Ke8 61. gxh6
gxh6 62. Ke2 Kf7 63. Kd3 Kg8 64. Be3 Kh7 65. Bf2 Kg7 66. Bh4 Kh7 67. Be7 Kg7 68.
Bd6 Kf7 69. Be5 Kg8 70. Bf6 Kf7 71. Bh8 Kg8 72. Be5 Kf7 73. Bd6 Kg7 74. Kc3 Kf7
75. Bc5 Kg7 76. Be7 Kf7 77. Bd8 Kg7 1/2-1/2

[Event "FIDE World Blitz 2014"]
[Site "Dubai UAE"]
[Date "2014.06.20"]
[Round "18.22"]
[White "Laznicka, Viktor"]
[Black "Dubov, Daniil"]
[Result "1-0"]
[WhiteTitle "GM"]
[BlackTitle "GM"]
[WhiteElo "2679"]
[BlackElo "2614"]
[WhiteFideId "316385"]
[BlackFideId "24126055"]
[EventDate "2014.06.19"]

1. d4 Nf6 2. c4 c5 3. d5 b5 4. cxb5 a6 5. bxa6 g6 6. Nc3 Bxa6 7. e4 Bxf1 8. Kxf1
d6 9. Nf3 Bg7 10. g3 O-O 11. Kg2 Nbd7 12. a4 Ra6 13. Qc2 Qa8 14. Nb5 Rc8 15. Ra3
c4 16. Nd2 Nb6 17. Nc3 Nfd7 18. Nf3 Nc5 19. Bg5 e6 20. dxe6 fxe6 21. Rha1 Bxc3
22. bxc3 Nxe4 23. Be3 Nd7 24. Kg1 e5 25. Nd2 Ndf6 26. a5 d5 27. Nxe4 Nxe4 28.
Bb6 d4 29. cxd4 Ng5 30. dxe5 Nf3+ 31. Rxf3 Qxf3 32. Rd1 c3 33. Rd7 Qf5 34. Qb3+
Kh8 35. e6 Rxb6 36. Qxb6 Qe4 37. Rd8+ Kg7 38. Rxc8 Qe1+ 39. Kg2 Qe4+ 40. f3 1-0

[Event "FIDE World Blitz 2014"]
[Site "Dubai UAE"]
[Date "2014.06.20"]
[Round "18.23"]
[White "Van Wely, Loek"]
[Black "Fressinet, Laurent"]
[Result "1-0"]
[WhiteTitle "GM"]
[BlackTitle "GM"]
[WhiteElo "2654"]
[BlackElo "2717"]
[WhiteFideId "1000268"]
[BlackFideId "608742"]
[EventDate "2014.06.19"]

1. c4 c6 2. Nf3 d5 3. e3 Nf6 4. Nc3 e6 5. b3 Nbd7 6. Qc2 e5 7. cxd5 Nxd5 8. Bb2
Bd6 9. a3 O-O 10. Be2 Re8 11. O-O N7f6 12. d3 Bg4 13. Ne4 Bc7 14. Nc5 Rb8 15.
Rfd1 Qe7 16. Rac1 a5 17. h3 Bh5 18. Nh4 Bg6 19. Nxg6 hxg6 20. Ne4 Bb6 21. Kh1
Nd7 22. Bf3 f5 23. Nd2 N5f6 24. Nc4 Bc7 25. e4 Qe6 26. b4 axb4 27. axb4 Ra8 28.
Ra1 Kf7 29. Rdc1 Rh8 30. Kg1 Rhc8 31. Bd1 Kg8 32. Qe2 Kh7 33. Bb3 Qe7 34. Bc3 b5
35. Nd2 Bb6 36. Nf3 Nh5 37. exf5 gxf5 38. Nxe5 Nf4 39. Qf3 Nxe5 40. Qxf4 Ng6 41.
Qxf5 Qh4 42. Bf7 Qh6 43. h4 Ra2 44. Qxg6+ 1-0

[Event "FIDE World Blitz 2014"]
[Site "Dubai UAE"]
[Date "2014.06.20"]
[Round "18.25"]
[White "Al-Modiahki, Mohamad"]
[Black "Savchenko, Boris"]
[Result "0-1"]
[WhiteTitle "GM"]
[BlackTitle "GM"]
[WhiteElo "2549"]
[BlackElo "2581"]
[WhiteFideId "12100030"]
[BlackFideId "4147332"]
[EventDate "2014.06.19"]

1. e4 c5 2. Nc3 Nc6 3. f4 e6 4. Nf3 d5 5. Bb5 Ne7 6. Qe2 dxe4 7. Ne5 Bd7 8. Nxd7
Qxd7 9. Nxe4 Nf5 10. c3 a6 11. Ba4 Be7 12. O-O O-O 13. Bc2 b5 14. Qh5 c4 15. g4
g6 16. Qh3 Ng7 17. d4 f5 18. Ng3 b4 19. Bd2 Nxd4 20. cxd4 Qxd4+ 21. Kh1 Qxd2 22.
Ba4 Qxb2 23. Rae1 Rad8 24. gxf5 gxf5 25. Rg1 Kh8 26. Qh6 Qf6 27. Qh3 Qh4 28. Qg2
Rg8 29. Bc6 Qxf4 30. Qe2 Bc5 31. Rgf1 Qd6 32. Bg2 c3 33. Rd1 Qe7 34. Qe5 Bd6 35.
Qa5 Bxg3 36. hxg3 Rd2 37. Rxd2 cxd2 38. Rd1 Qd6 39. a3 Nh5 40. Qxb4 Nxg3+ 41.
Kg1 Ne2+ 42. Kf2 Qg3+ 43. Kxe2 Qxg2+ 44. Kd3 Qd5+ 45. Kc2 Rc8+ 46. Kb2 Rd8 47.
Qc3+ Qd4 0-1

[Event "FIDE World Blitz 2014"]
[Site "Dubai UAE"]
[Date "2014.06.20"]
[Round "18.26"]
[White "Zhigalko, Sergei"]
[Black "Ringoir, Tanguy"]
[Result "1-0"]
[WhiteTitle "GM"]
[BlackTitle "IM"]
[WhiteElo "2678"]
[BlackElo "2506"]
[WhiteFideId "13502956"]
[BlackFideId "208027"]
[EventDate "2014.06.19"]

1. e4 e5 2. Nf3 Nc6 3. Bb5 a6 4. Ba4 Nge7 5. O-O g6 6. c3 Bg7 7. d4 exd4 8. cxd4
O-O 9. Nc3 b5 10. Bc2 d6 11. h3 h6 12. Re1 Bb7 13. Bf4 Rc8 14. Qd2 g5 15. Bh2 f5
16. Rad1 f4 17. a3 Qd7 18. Qd3 Rce8 19. Nd5 Nxd5 20. exd5 Ne7 21. Qh7+ Kf7 22.
Nxg5+ hxg5 23. Qh5+ Kf6 24. Re6+ Qxe6 25. dxe6 Bd5 26. h4 gxh4 27. Bxf4 Kxe6 28.
Qg4+ Kf7 29. Re1 Bxd4 30. Qh5+ Kf6 31. Bg5+ Kg7 32. Qh7# 1-0

[Event "FIDE World Blitz 2014"]
[Site "Dubai UAE"]
[Date "2014.06.20"]
[Round "18.27"]
[White "Movsesian, Sergei"]
[Black "Anton Guijarro, David"]
[Result "1-0"]
[WhiteTitle "GM"]
[BlackTitle "GM"]
[WhiteElo "2672"]
[BlackElo "2631"]
[WhiteFideId "310204"]
[BlackFideId "2285525"]
[EventDate "2014.06.19"]

1. g3 g6 2. Bg2 d5 3. Nf3 Bg7 4. O-O c6 5. d3 e5 6. Nc3 Nf6 7. e4 dxe4 8. Nxe5
exd3 9. Nxd3 O-O 10. Bf4 Bg4 11. Qd2 Qc8 12. Rfe1 Bh3 13. Bh1 Na6 14. Bh6 Nc7
15. Bxg7 Kxg7 16. Nf4 Bf5 17. Re7 Re8 18. Rae1 Rxe7 19. Rxe7 Ne6 20. Nxe6+ Bxe6
21. Qe3 Ng8 22. Qe5+ Kf8 23. Rc7 Qd8 24. Rxb7 Qd2 25. Bxc6 Rc8 26. Bf3 Bh3 27.
Qe2 Qc1+ 28. Qd1 Qg5 29. Ne4 Qa5 30. Nd6 Rc7 31. b4 1-0

[Event "FIDE World Blitz 2014"]
[Site "Dubai UAE"]
[Date "2014.06.20"]
[Round "18.30"]
[White "Volokitin, Andrei"]
[Black "Potkin, Vladimir"]
[Result "0-1"]
[WhiteTitle "GM"]
[BlackTitle "GM"]
[WhiteElo "2638"]
[BlackElo "2621"]
[WhiteFideId "14107090"]
[BlackFideId "4131061"]
[EventDate "2014.06.19"]

1. e4 e6 2. d4 d5 3. e5 c5 4. c3 Nc6 5. Nf3 Bd7 6. Be2 Nge7 7. O-O Nf5 8. dxc5
Bxc5 9. Bd3 O-O 10. Nbd2 Bb6 11. Nb3 Nh4 12. Bxh7+ Kxh7 13. Ng5+ Kg6 14. Qg4
Nxe5 15. Qxh4 f5 16. Qg3 Ng4 17. h3 Bc7 18. Qd3 Ne5 19. Qe2 Qf6 20. Bf4 Rae8 21.
Nc5 Bc8 22. Rfe1 b6 23. h4 Rh8 24. Ncxe6 Rxe6 25. g3 Ree8 26. Qd2 Bb7 27. Qc2
Bd6 28. Re3 d4 29. cxd4 Ng4 30. Rxe8 Rxe8 31. Bxd6 Qxd6 32. Qc4 0-1

[Event "FIDE World Blitz 2014"]
[Site "Dubai UAE"]
[Date "2014.06.20"]
[Round "18.31"]
[White "Ragger, Markus"]
[Black "Onischuk, Vladimir"]
[Result "1/2-1/2"]
[WhiteTitle "GM"]
[BlackTitle "GM"]
[WhiteElo "2632"]
[BlackElo "2594"]
[WhiteFideId "1610856"]
[BlackFideId "14114038"]
[EventDate "2014.06.19"]

1. d4 d6 2. Nf3 g6 3. c4 Bg7 4. Nc3 Nc6 5. e3 Nf6 6. Be2 O-O 7. O-O e5 8. Qc2
Re8 9. dxe5 dxe5 10. Rd1 Bd7 11. e4 Qc8 12. h3 Be6 13. Nd5 Nd7 14. b4 Nd4 15.
Nxd4 exd4 16. Bb2 c6 17. Nf4 c5 18. bxc5 Qxc5 19. Qd2 Bxc4 20. Rac1 b5 21. Bxc4
bxc4 22. Bxd4 Bxd4 23. Qxd4 Qxd4 24. Rxd4 Nb6 25. Nd5 Red8 26. Nxb6 axb6 27.
Rxd8+ Rxd8 28. Rxc4 Rd1+ 29. Kh2 Rd2 30. Kg3 Rxa2 31. Rb4 Ra6 32. Kf4 Kg7 33. g4
Ra2 34. f3 Ra6 35. h4 h6 36. Rb5 Ra5 37. Rxb6 g5+ 38. Kg3 Rc5 39. Rb2 Ra5 40.
Rd2 Ra3 41. h5 Rb3 42. Kf2 Ra3 43. Ke2 Rb3 44. Rd3 Rb4 45. Ke3 Ra4 46. f4 gxf4+
47. Kxf4 Ra1 48. e5 Rf1+ 49. Rf3 Rg1 50. Kf5 Re1 51. Rf4 Re2 52. Ra4 Re1 53. Rf4
Re2 54. Rf3 Re1 55. Kf4 f6 56. exf6+ Kxf6 57. Kg3+ Kg7 58. Ra3 Re7 59. Ra6 Rb7
60. Rg6+ Kh7 61. Kf4 Rb4+ 62. Ke5 Rb5+ 63. Kd4 Ra5 64. Kc4 Ra4+ 65. Kb5 Rf4 66.
Kc5 Ra4 67. Kd5 Rb4 68. Ke5 Ra4 69. Kf5 Ra5+ 70. Kf4 Ra4+ 71. Kg3 Ra3+ 72. Kh4
Ra7 73. Re6 Rb7 74. Kg3 Rb4 75. Re7+ Kg8 76. Kf3 Ra4 77. Re4 Ra7 78. Kf4 Kg7 79.
Re6 Ra4+ 80. Kf5 Ra5+ 81. Re5 Ra7 82. Rd5 Rb7 83. Ke6 Rb6+ 84. Ke5 Rb7 85. Rd6
Rb5+ 86. Ke6 Rb7 87. Ra6 Rc7 88. Ke5 Rb7 89. Rg6+ Kh7 90. Re6 Kg7 91. Kf5 Rb5+
92. Re5 Rb7 93. Rd5 Ra7 94. Rd6 Ra5+ 95. Ke6 Ra7 96. Rd5 1/2-1/2

[Event "FIDE World Blitz 2014"]
[Site "Dubai UAE"]
[Date "2014.06.20"]
[Round "18.32"]
[White "Sokolov, Ivan"]
[Black "Georgiev, Kiril"]
[Result "1-0"]
[WhiteTitle "GM"]
[BlackTitle "GM"]
[WhiteElo "2650"]
[BlackElo "2644"]
[WhiteFideId "14400030"]
[BlackFideId "2900017"]
[EventDate "2014.06.19"]

1. d4 g6 2. e4 Bg7 3. c3 d6 4. Bd3 Nf6 5. Nf3 O-O 6. O-O Nc6 7. h3 e5 8. Re1 Bd7
9. Na3 a6 10. Nc2 Kh8 11. Bg5 h6 12. Be3 Qe8 13. Qd2 Kh7 14. Rad1 Rd8 15. Qc1
Bc8 16. b4 Nd7 17. a4 Nf6 18. b5 Na5 19. b6 Qe7 20. Qa3 Nc6 21. dxe5 Nxe5 22.
Nxe5 Qxe5 23. bxc7 Rde8 24. Bd4 Qg5 25. Kh1 d5 26. Be3 Qh5 27. Be2 Bg4 28. Bxg4
Nxg4 29. Rxd5 Qh4 30. Kg1 Nxe3 31. Rxe3 Qf4 32. Qc5 Rc8 33. Rd7 Be5 34. g3 Qf6
35. Nb4 b6 36. Qc4 b5 37. axb5 axb5 38. Qc5 Rfe8 39. Nd5 Qe6 40. Qxb5 Kg7 41.
Rf3 Rf8 42. c4 Qxh3 43. Ne7 Qe6 44. Nxc8 1-0

[Event "FIDE World Blitz 2014"]
[Site "Dubai UAE"]
[Date "2014.06.20"]
[Round "18.33"]
[White "Fier, Alexandr"]
[Black "Efimenko, Zahar"]
[Result "0-1"]
[WhiteTitle "GM"]
[BlackTitle "GM"]
[WhiteElo "2580"]
[BlackElo "2648"]
[WhiteFideId "2107139"]
[BlackFideId "14107201"]
[EventDate "2014.06.19"]

1. c4 Nf6 2. Nc3 e5 3. Nf3 Nc6 4. d3 Bb4 5. Bd2 O-O 6. a3 Bxc3 7. Bxc3 Re8 8. e4
d6 9. g3 Bg4 10. h3 Bxf3 11. Qxf3 Nd4 12. Bxd4 exd4 13. Be2 a5 14. O-O a4 15.
Rae1 Nd7 16. Qg2 Nc5 17. f4 b5 18. cxb5 Rb8 19. Rf2 Rxb5 20. Bf1 Qb8 21. f5 f6
22. g4 Rb3 23. Rd1 Nd7 24. h4 Ne5 25. g5 Rf8 26. Rdd2 c5 27. Kh1 Kh8 28. Rd1 Qe8
29. Rf4 fxg5 30. Qxg5 Rxb2 31. f6 Qg6 32. fxg7+ Qxg7 33. Rxf8+ Qxf8 34. Bg2 Rf2
35. Rb1 Rf7 36. Qd2 Rf4 37. Qe1 Qe7 38. Rb8+ Kg7 39. h5 Qh4+ 40. Qxh4 Rxh4+ 41.
Kg1 Nxd3 42. e5 Nxe5 43. Bd5 Rxh5 44. Kg2 Rf5 45. Kg3 d3 46. Rg8+ Kh6 47. Kh4
Ng6+ 0-1

[Event "FIDE World Blitz 2014"]
[Site "Dubai UAE"]
[Date "2014.06.20"]
[Round "18.34"]
[White "Mchedlishvili, Mikheil"]
[Black "Durarbayli, Vasif"]
[Result "0-1"]
[WhiteTitle "GM"]
[BlackTitle "GM"]
[WhiteElo "2632"]
[BlackElo "2590"]
[WhiteFideId "13600966"]
[BlackFideId "13402935"]
[EventDate "2014.06.19"]

1. c4 c5 2. Nf3 Nf6 3. Nc3 e6 4. d4 cxd4 5. Nxd4 b6 6. Bf4 a6 7. Nf3 d6 8. e3
Be7 9. h3 Bb7 10. Be2 Qc7 11. Rc1 Nbd7 12. O-O Rc8 13. Bh2 O-O 14. b3 Qb8 15.
Nd4 Rfd8 16. Bf3 Nc5 17. Qe2 Nce4 18. Nxe4 Nxe4 19. Rfd1 Qa8 20. Qe1 Bf8 21. Ne2
b5 22. Ng3 Nc5 23. Bxb7 Qxb7 24. Qe2 bxc4 25. Rxc4 d5 26. Rc2 a5 27. Rdc1 h6 28.
Nf1 Ne4 29. Nd2 Rxc2 30. Rxc2 Nc5 31. Qd1 Rc8 32. Be5 Nd3 33. Rxc8 Qxc8 34. Ba1
Qc1 35. Qxc1 Nxc1 36. Kf1 Nxa2 37. Ke2 Nc1+ 38. Kd1 Nd3 39. Ke2 Nb4 40. Bc3 Nc6
41. Nf3 f6 42. Nd4 Nxd4+ 43. Bxd4 Bb4 44. Kd3 e5 45. Bb6 Kf7 46. e4 Ke6 47. g4
Kd6 48. f3 Kc6 49. Be3 Be1 50. Bc1 Bb4 51. Be3 d4 52. Bc1 Kb5 53. Bb2 Kc5 54. h4
g6 55. Bc1 h5 56. g5 fxg5 57. Bxg5 Kb5 58. Bf6 Bd6 59. Bg5 Bc7 60. Bd2 Bd8 61.
Be1 Be7 62. Bg3 Bf6 63. Be1 g5 64. hxg5 Bxg5 65. Bg3 Bf6 66. f4 h4 67. Bh2 exf4
68. Bxf4 Kb4 69. e5 Bd8 70. e6 Kxb3 71. Kxd4 a4 72. Bd6 h3 73. Ke3 a3 74. Kf3 a2
75. Be5 Kc4 76. Kg3 Kd5 0-1

[Event "FIDE World Blitz 2014"]
[Site "Dubai UAE"]
[Date "2014.06.20"]
[Round "18.35"]
[White "Lenic, Luka"]
[Black "Ghaem Maghami, Ehsan"]
[Result "1-0"]
[WhiteTitle "GM"]
[BlackTitle "GM"]
[WhiteElo "2659"]
[BlackElo "2582"]
[WhiteFideId "14603853"]
[BlackFideId "12500739"]
[EventDate "2014.06.19"]

1. d4 Nf6 2. c4 e6 3. Nc3 Bb4 4. e3 O-O 5. Bd3 c5 6. Nf3 d5 7. O-O dxc4 8. Bxc4
Nbd7 9. a3 Bxc3 10. bxc3 b6 11. Re1 Bb7 12. Bd3 Be4 13. Bf1 Bb7 14. Nd2 e5 15.
Bb2 Qc7 16. e4 exd4 17. cxd4 cxd4 18. Rc1 Nc5 19. Bxd4 Qe7 20. Bxc5 bxc5 21. Qc2
Rad8 22. e5 Ng4 23. Nc4 Bd5 24. h3 Bxc4 25. Qxc4 Nxe5 26. Qc3 Rd4 27. f4 Rxf4
28. Qxe5 Qh4 29. Qxc5 Ra4 30. Qxf8+ 1-0